000 00512cam a2200157u 4500
082 _a952.031
_bBUR
100 1 _aBurne, Alfred Higgins,
_948583
245 1 4 _aThe Liao-yang campaign,
260 _aLondon,
_bW. Clowes,
_c1936.
300 _axvii, 125 p.
_b1 illus., fold. map, plans (part fold.)
_c22 cm.
526 _a0
_b0
_c0
_d952_031000000000000_BUR
650 0 _aLiaoyang, Battle of, Liaoyang, China, 1904.
_950359
650 0 _aMCE
_9379
650 0 _aRusso-Japanese War, 1904-1905.
_949509
942 _2ddc
_cBK
999 _c553082
_d553082